LDR 00842naa#a2200181#i#450# 001 EN\FGKOU VO SPBU MVD ROSSII\bibl\115133 005 20260430163949.4 011 ## _a2713-0622 100 ## _a20260428b2026####ek#y0engy0150####ca 102 ## _aRU 200 1# _aAt the turn of the era: deviantology in search of subjectness and new meanings (A review of the proceedings of Section VII of the All-Russian Sociological Congress) _eJournal article 210 1# _aSt. Petersburg _cSAINT-PETERSBURG UNIVERSITY OF THE MINISTRY OF INTERNAL AFFAIRS OF THE RUSSIAN FEDERATION _d2026 215 ## _a10 с. 608 ## _aJournal article _2local 675 ## _aДевиантное поведение. Социальная патология. 316.624 _z 700 #1 _aBruno _gVictoria Vladimirovna 700 #1 _aKharabet _gKonstantin Vasilyevich 856 4# _arussianjournaldeviantbehavior.ru _u